[Event "Sportsko leto 2013"]
[Site "Paracin"]
[Date "2013.07.06"]
[Round "3.1"]
[White "Lajthajm, Borko"]
[Black "Miladinovic, Igor"]
[Result "0-1"]
[WhiteElo "2477"]
[BlackElo "2558"]
[PlyCount "172"]
[EventDate "2013.??.??"]

1. d4 d5 2. Nf3 Bf5 3. g3 Nc6 4. Bg2 Nb4 5. Na3 c6 6. O-O h6 7. c3 Na6 8. Ne5
e6 9. f3 Nf6 10. e4 Bh7 11. exd5 Nxd5 12. Qb3 Rb8 13. Re1 Be7 14. Bf1 Nac7 15.
Nc2 O-O 16. c4 Nf6 17. Be3 Na6 18. a3 Nd7 19. Rad1 Qc7 20. Qc3 Rbd8 21. b4 Nab8
22. Bf4 Qc8 23. g4 Nxe5 24. dxe5 Na6 25. Ne3 Nc7 26. Bg3 b5 27. Rc1 bxc4 28.
Qxc4 Nb5 29. Be2 Rd2 30. Nf1 Rc2 31. Rxc2 Nxa3 32. Qxc6 Nxc2 33. Qxc8 Rxc8 34.
Rd1 Nxb4 35. Rd7 Bf8 36. Bf2 a5 37. Ra7 Nc6 38. Ra6 Bb4 39. Bb6 g5 40. Ng3 Bc3
41. Bb5 Nxe5 42. Kg2 Bd3 43. Bxd3 Nxd3 44. Nh5 Nc5 45. Ra7 Nb3 46. h4 gxh4 47.
Kh3 Bd4 48. Bxd4 Nxd4 49. f4 Nc6 50. Ra6 Kf8 51. Nf6 Ke7 52. Ne4 Kd7 53. Nc5+
Kd6 54. Nb7+ Kd5 55. Nxa5 Nd4 56. Ra7 f5 57. Kxh4 Rg8 58. gxf5 Nxf5+ 59. Kh3
Ke4 60. Nc6 Rg3+ 61. Kh2 Kxf4 62. Ra4+ Kg5 63. Re4 Re3 64. Rxe3 Nxe3 65. Kg3
Nf5+ 66. Kf3 Kf6 67. Kg4 e5 68. Nb4 Ng7 69. Nd5+ Ke6 70. Ne3 Ne8 71. Kh5 Nd6
72. Kg4 Nf7 73. Kf3 h5 74. Kg3 Nd6 75. Kf3 Nf5 76. Nc4 Kd5 77. Nd2 Kd4 78. Nb3+
Kc4 79. Na5+ Kd3 80. Nb7 e4+ 81. Kf4 e3 82. Nc5+ Kc4 83. Ne4 e2 84. Nd2+ Kd3
85. Nf3 Nh4 86. Ne5+ Kc2 0-1

[Event "Sportsko leto 2013"]
[Site "Paracin"]
[Date "2013.07.06"]
[Round "3.2"]
[White "Stojanovski, Dejan"]
[Black "Olszewski, Michal"]
[Result "1/2-1/2"]
[WhiteElo "2439"]
[BlackElo "2551"]
[PlyCount "41"]
[EventDate "2013.??.??"]

1. e4 c5 2. Ne2 Nf6 3. Nbc3 d6 4. g3 Nc6 5. Bg2 g6 6. O-O Bg7 7. Nd5 Bd7 8. c3
h5 9. Nxf6+ Bxf6 10. d4 cxd4 11. cxd4 h4 12. Be3 hxg3 13. hxg3 Qa5 14. Nf4 Bg7
15. a3 Rc8 16. b4 Qa6 17. Re1 b5 18. Bf1 Qb7 19. Bg2 Qa6 20. Bf1 Qb7 21. Bg2
1/2-1/2

[Event "Sportsko leto 2013"]
[Site "Paracin"]
[Date "2013.07.06"]
[Round "3.3"]
[White "Damljanovic, Branko"]
[Black "Drenchev, Petar"]
[Result "1-0"]
[WhiteElo "2544"]
[BlackElo "2483"]
[PlyCount "73"]
[EventDate "2013.??.??"]

1. c4 e5 2. Nc3 Nf6 3. Nf3 Nc6 4. d3 d5 5. cxd5 Nxd5 6. e4 Nb6 7. Be2 Be7 8.
O-O O-O 9. Be3 f5 10. a4 f4 11. Bd2 Be6 12. a5 Nd7 13. Nd5 a6 14. Bc3 Bc5 15.
Rc1 Ba7 16. b4 Kh8 17. Ba1 Nf6 18. b5 axb5 19. a6 Bxd5 20. axb7 Rb8 21. exd5
Qxd5 22. Ng5 Nd4 23. Bxd4 exd4 24. h4 c5 25. Bf3 Qd7 26. Qb3 Rxb7 27. Ne6 Rbb8
28. Nxf8 Rxf8 29. Ra1 Bb6 30. Rfb1 b4 31. Qc4 g6 32. Ra6 Rb8 33. Re1 Kg7 34.
Re6 Qd8 35. Bd1 Ne8 36. Bb3 Nd6 37. Qd5 1-0

[Event "Sportsko leto 2013"]
[Site "Paracin"]
[Date "2013.07.06"]
[Round "3.4"]
[White "Abramovic, Bosko"]
[Black "Savic, Miodrag R"]
[Result "1/2-1/2"]
[WhiteElo "2427"]
[BlackElo "2529"]
[PlyCount "42"]
[EventDate "2013.??.??"]

1. d4 Nf6 2. Nf3 e6 3. c4 b6 4. g3 Bb7 5. Bg2 Bb4+ 6. Bd2 Bxd2+ 7. Qxd2 d6 8.
O-O Nbd7 9. Nc3 Ne4 10. Nxe4 Bxe4 11. Nh4 Bxg2 12. Nxg2 O-O 13. e4 e5 14. Ne3
exd4 15. Qxd4 Qf6 16. Qxf6 Nxf6 17. f3 Rac8 18. Rad1 Rfe8 19. Rfe1 a5 20. Kf2
Kf8 21. b3 g6 1/2-1/2

[Event "Sportsko leto 2013"]
[Site "Paracin"]
[Date "2013.07.06"]
[Round "3.5"]
[White "Ulibin, Mikhail"]
[Black "Kasparov, Sergey"]
[Result "1-0"]
[WhiteElo "2529"]
[BlackElo "2470"]
[PlyCount "67"]
[EventDate "2013.??.??"]

1. d4 Nf6 2. c4 c5 3. d5 b5 4. cxb5 a6 5. bxa6 g6 6. Nc3 Bxa6 7. e4 Bxf1 8.
Kxf1 d6 9. Nf3 Bg7 10. g3 Nbd7 11. Kg2 O-O 12. Re1 Qa5 13. e5 Ng4 14. e6 fxe6
15. dxe6 Nde5 16. Nxe5 Nxe5 17. Bf4 Nc6 18. Qd5 Qa6 19. Rad1 Rab8 20. Bxd6 Nb4
21. Qe4 exd6 22. e7 Rfe8 23. a3 d5 24. Nxd5 Nxd5 25. Qxd5+ Kh8 26. Qxc5 Bxb2
27. Rd7 Qxa3 28. Qc4 Qc3 29. Qe6 Qf6 30. Qe4 Rb5 31. Rd8 Rxd8 32. e8=Q+ Rxe8
33. Qxe8+ Kg7 34. Qxb5 1-0

[Event "Sportsko leto 2013"]
[Site "Paracin"]
[Date "2013.07.06"]
[Round "3.6"]
[White "Kosic, Dragan"]
[Black "Tosic Miroslav, Miroslav"]
[Result "1/2-1/2"]
[WhiteElo "2490"]
[BlackElo "2421"]
[PlyCount "118"]
[EventDate "2013.??.??"]

1. d4 Nf6 2. Nf3 d6 3. c4 g6 4. Nc3 Bg7 5. e4 O-O 6. Be2 Bg4 7. Be3 Nfd7 8. Rc1
c5 9. d5 a6 10. a4 Qb6 11. Bd2 Ne5 12. Nxe5 Bxe2 13. Nxe2 Bxe5 14. b3 Nd7 15.
O-O Bg7 16. a5 Qc7 17. Qc2 b6 18. axb6 Qxb6 19. Bc3 Rfb8 20. Rb1 Rb7 21. f4
Bxc3 22. Nxc3 Rab8 23. Rf3 Qd8 24. Ne2 Qf8 25. Ra1 Rb6 26. h3 Qg7 27. Ra3 R8b7
28. Re3 Qh6 29. Qc3 f6 30. Rg3 Qh5 31. Rf3 Qh6 32. Nc1 Qf8 33. Qa1 Qb8 34. Kh2
h6 35. Qc3 Kh7 36. Ne2 Qh8 37. Qc2 Qe8 38. Rg3 Nf8 39. h4 Kh8 40. Nc3 Qb8 41.
Na4 Rb4 42. e5 dxe5 43. fxe5 Rxa4 44. Rxa4 Qxe5 45. Rxa6 Qf4 46. Ra8 Kg7 47.
Rxf8 Kxf8 48. Qxg6 Qxh4+ 49. Kg1 Qd4+ 50. Kh1 Qh4+ 51. Rh3 Qg5 52. Qxh6+ Qxh6
53. Rxh6 Rxb3 54. Rh8+ Kf7 55. Rc8 Rc3 56. Rxc5 Ke8 57. Kg1 Kd7 58. Kf2 e6 59.
dxe6+ Kxe6 1/2-1/2

[Event "Sportsko leto 2013"]
[Site "Paracin"]
[Date "2013.07.06"]
[Round "3.7"]
[White "Irizanin, Radoje"]
[Black "Mista, Alexander"]
[Result "0-1"]
[WhiteElo "2333"]
[BlackElo "2579"]
[PlyCount "62"]
[EventDate "2013.??.??"]

1. d4 d5 2. Nf3 Nf6 3. Bf4 c5 4. e3 Nc6 5. Nc3 Bg4 6. Be2 e6 7. O-O Rc8 8. h3
Bxf3 9. Bxf3 cxd4 10. exd4 Qb6 11. Ne2 Qxb2 12. Rb1 Qxa2 13. Rxb7 Nd8 14. Nc1
Qa1 15. Qd3 Nxb7 16. Qb5+ Nd7 17. Qxb7 Qc3 18. Be2 Qc6 19. Qxa7 Bd6 20. Bxd6
Qxd6 21. Bb5 Ke7 22. Qa4 Ra8 23. Qb3 Ra3 24. Qb2 Rb8 25. Ne2 Ra5 26. Nc3 Qa3
27. Rb1 Qxb2 28. Rxb2 Nf6 29. f3 Ne8 30. Rb3 Nd6 31. Ba4 Rc8 0-1

[Event "Sportsko leto 2013"]
[Site "Paracin"]
[Date "2013.07.06"]
[Round "3.8"]
[White "Kuzmicz, Kristian"]
[Black "Tosic, Srecko"]
[Result "1/2-1/2"]
[WhiteElo "2470"]
[BlackElo "2579"]
[PlyCount "115"]
[EventDate "2013.??.??"]

1. e4 e6 2. Nf3 d5 3. Nc3 d4 4. Ne2 c5 5. c3 Nc6 6. cxd4 Nf6 7. e5 Nd7 8. dxc5
Ndxe5 9. Nxe5 Nxe5 10. d4 Bxc5 11. Be3 Bb4+ 12. Nc3 Nc6 13. Be2 O-O 14. O-O Qa5
15. Qb3 Rd8 16. Rfd1 Bf8 17. a3 Ne7 18. Bf3 Nf5 19. Rac1 Rb8 20. Bf4 Bd6 21.
Bxd6 Rxd6 22. d5 Bd7 23. Be4 Ne7 24. Bf3 Kh8 25. dxe6 Bxe6 26. Qb5 Rxd1+ 27.
Rxd1 Qc7 28. g3 b6 29. Qd3 a5 30. Be4 h6 31. Nb5 Qc5 32. Qd6 Qxd6 33. Rxd6 Nf5
34. Bxf5 Bxf5 35. f3 Kg8 36. Nd4 Bb1 37. Kf2 Kf8 38. Nc6 Rc8 39. Ke3 Ba2 40. f4
Ke8 41. h4 f6 42. Kd4 Rc7 43. Rd8+ Kf7 44. Rd6 Ke8 45. b4 Rd7 46. Rxd7 Kxd7 47.
Na7 axb4 48. axb4 Bb3 49. Nb5 Kc6 50. Nc3 Kd6 51. g4 Be6 52. f5 Bb3 53. Ke4
Bc2+ 54. Kf4 Bd3 55. Ke3 Bc4 56. Kd4 Bb3 57. Ne4+ Kc6 58. Nc3 1/2-1/2

[Event "Sportsko leto 2013"]
[Site "Paracin"]
[Date "2013.07.06"]
[Round "3.9"]
[White "Dinic, Dragan"]
[Black "Cioara, Andrei-Nestor"]
[Result "0-1"]
[WhiteElo "2311"]
[BlackElo "2465"]
[PlyCount "104"]
[EventDate "2013.??.??"]

1. e4 e6 2. d4 d5 3. exd5 exd5 4. Nf3 Nf6 5. c4 Bb4+ 6. Nc3 O-O 7. Be2 dxc4 8.
O-O Bg4 9. Bxc4 Nc6 10. Be3 Rb8 11. Be2 Nd5 12. Nxd5 Qxd5 13. a3 Ba5 14. Rc1
Bb6 15. Qa4 Rbd8 16. h3 Bd7 17. Qc2 Bf5 18. Qa4 Be6 19. Bc4 Qf5 20. Be2 Bd5 21.
Rfd1 Rfe8 22. Kf1 h6 23. Qb5 a6 24. Qd3 Qxd3 25. Rxd3 Bxf3 26. Bxf3 Ne5 27. Rd2
Nxf3 28. gxf3 Rd5 29. a4 Red8 30. b4 c6 31. Rc4 R8d7 32. Kg2 Kf8 33. Kf1 Ke7
34. Rd1 R7d6 35. Ke2 Rh5 36. a5 Bc7 37. Rc5 Rdd5 38. Rxd5 Rxd5 39. Kd3 Bd6 40.
Bd2 Rh5 41. Rh1 Ke6 42. Ke4 Rh4+ 43. Kd3 Kd5 44. Be3 Be7 45. Rg1 g5 46. Rh1 Bf6
47. Rc1 Rxh3 48. Rc5+ Kd6 49. d5 cxd5 50. Rc8 d4 51. Bxd4 Bxd4 52. Kxd4 Rxf3
0-1

[Event "Sportsko leto 2013"]
[Site "Paracin"]
[Date "2013.07.06"]
[Round "3.10"]
[White "Kadric, Denis"]
[Black "Burovic, Ismet"]
[Result "1-0"]
[WhiteElo "2459"]
[BlackElo "2361"]
[PlyCount "57"]
[EventDate "2013.??.??"]

1. e4 c6 2. d4 d5 3. e5 Bf5 4. h4 h6 5. g4 Bd7 6. h5 e6 7. f4 c5 8. c3 Qb6 9.
Nf3 Na6 10. Rh2 Ne7 11. a3 cxd4 12. cxd4 Nc7 13. Nc3 a5 14. Na4 Bxa4 15. Qxa4+
Nc6 16. Be3 Be7 17. Bd3 O-O-O 18. Rc2 Kb8 19. Rac1 Rc8 20. Rc3 Na8 21. Rb3 Qc7
22. Bd2 Bd8 23. Rbc3 Qb6 24. Bb5 Na7 25. Rxc8+ Nxc8 26. b4 Nc7 27. Bd3 axb4 28.
Bxb4 Be7 29. Ba5 1-0

[Event "Sportsko leto 2013"]
[Site "Paracin"]
[Date "2013.07.06"]
[Round "3.11"]
[White "Ionescu, Doru-Alexandru"]
[Black "Smith, Bryan G"]
[Result "1-0"]
[WhiteElo "2330"]
[BlackElo "2456"]
[PlyCount "71"]
[EventDate "2013.??.??"]

1. e4 c5 2. d3 Nc6 3. f4 g6 4. g3 Bg7 5. Bg2 e6 6. Nf3 Nge7 7. O-O O-O 8. c3 b6
9. Be3 Ba6 10. Bf2 d6 11. Re1 Qd7 12. g4 f5 13. exf5 exf5 14. g5 Kh8 15. Na3 b5
16. Qd2 b4 17. Nc2 bxc3 18. bxc3 Nd5 19. d4 Rab8 20. dxc5 Nxc3 21. Ne5 Nxe5 22.
fxe5 Ne4 23. Bxe4 fxe4 24. Qxd6 Qg4+ 25. Bg3 Bd3 26. Ne3 Qxg5 27. c6 Rbe8 28.
c7 Bxe5 29. Qc5 Bf6 30. Qxg5 Bxg5 31. Rac1 Rc8 32. Rc5 Be7 33. Rd5 Bb4 34. Rd1
Kg8 35. Kg2 Rf3 36. R1xd3 1-0

[Event "Sportsko leto 2013"]
[Site "Paracin, hotel "]
[Date "2013.07.06"]
[Round "3.13"]
[White "Strzemiecki, Zbigniew"]
[Black "Cerovic, Danilo"]
[Result "1/2-1/2"]
[WhiteElo "2431"]
[BlackElo "2340"]
[PlyCount "46"]
[EventDate "2013.07.05"]

1. e4 e6 2. d4 d5 3. Nc3 Nf6 4. exd5 exd5 5. Bd3 c6 6. Nge2 Be7 7. Bf4 O-O 8.
Ng3 Be6 9. O-O Nbd7 10. Nf5 Bxf5 11. Bxf5 Re8 12. Ne2 Bf8 13. c3 g6 14. Bc2 Nh5
15. Be3 Bd6 16. Qd2 Nhf6 17. Ng3 Qc7 18. f3 Bxg3 19. hxg3 Qxg3 20. Bf4 Qh4 21.
Bg5 Qg3 22. Bf4 Qh4 23. Bg5 Qg3 1/2-1/2

[Event "Sportsko leto 2013"]
[Site "Paracin, hotel "]
[Date "2013.07.06"]
[Round "3.14"]
[White "Ilic, Zoran S"]
[Black "Atalik, Ekaterina"]
[Result "1/2-1/2"]
[WhiteElo "2291"]
[BlackElo "2430"]
[PlyCount "39"]
[EventDate "2013.07.05"]

1. d4 Nf6 2. Nf3 g6 3. c4 Bg7 4. g3 d5 5. cxd5 Nxd5 6. Bg2 Nb6 7. Nc3 Nc6 8. e3
O-O 9. O-O Re8 10. d5 Na5 11. e4 c6 12. Nd4 cxd5 13. exd5 e6 14. Nb3 Nxd5 15.
Nxd5 exd5 16. Qxd5 Qxd5 17. Bxd5 Nc6 18. Bg2 Be6 19. Be3 Bc4 20. Rfd1 1/2-1/2

[Event "Sportsko leto 2013"]
[Site "Paracin, hotel "]
[Date "2013.07.06"]
[Round "3.16"]
[White "Nestorovic, Dejan"]
[Black "Popovic, Aleksandar M"]
[Result "1-0"]
[WhiteElo "2411"]
[BlackElo "2278"]
[PlyCount "103"]
[EventDate "2013.07.05"]

1. d4 Nf6 2. c4 g6 3. Nc3 Bg7 4. e4 d6 5. Be2 O-O 6. Bg5 h6 7. Be3 e5 8. d5
Nbd7 9. g4 Nc5 10. f3 a5 11. h4 h5 12. g5 Nfd7 13. Nh3 Nb6 14. Qd2 Nba4 15. Nb5
Bd7 16. b3 Nb6 17. Nf2 Nc8 18. Rg1 Na7 19. Nc3 Qe7 20. Rb1 Rfb8 21. Nb5 Be8 22.
Nd1 Nc8 23. Ndc3 Bf8 24. a4 c6 25. Na3 Nb6 26. Bxc5 dxc5 27. Nc2 Rd8 28. Ne3
Nd7 29. Kd1 Kh7 30. Kc2 f6 31. Bf1 fxg5 32. hxg5 Bg7 33. Bh3 Nf8 34. Qh2 Qf7
35. Qg3 Qf4 36. Qxf4 exf4 37. Ned1 Bd7 38. Rh1 Be8 39. Nf2 Nd7 40. Bxd7 Bxd7
41. Nd3 Bd4 42. Ne2 cxd5 43. cxd5 b5 44. Nxd4 cxd4 45. Ne5 bxa4 46. Nxd7 axb3+
47. Rxb3 Rxd7 48. Kd3 a4 49. Ra3 Rb7 50. Kxd4 Rb4+ 51. Ke5 Re8+ 52. Kxf4 1-0

[Event "Sportsko leto 2013"]
[Site "Paracin, hotel "]
[Date "2013.07.06"]
[Round "3.18"]
[White "Atalik, Suat"]
[Black "Budimir, Boris"]
[Result "1-0"]
[WhiteElo "2568"]
[BlackElo "2253"]
[PlyCount "59"]
[EventDate "2013.07.05"]

1. d4 Nf6 2. c4 e6 3. Nc3 c5 4. d5 exd5 5. cxd5 a6 6. e4 d6 7. a4 g6 8. h3 Bg7
9. Nf3 O-O 10. Bd3 Re8 11. O-O Nbd7 12. Re1 b6 13. Bf4 Qe7 14. Qd2 Nh5 15. Bh2
Bf8 16. Rad1 f6 17. Be2 Ng7 18. Bc4 Kh8 19. g4 Bb7 20. b3 Red8 21. Nh4 Ne5 22.
f4 Nf7 23. Nf3 Rac8 24. Qf2 Rd7 25. Re2 Qd8 26. Rf1 Re7 27. e5 fxe5 28. fxe5
dxe5 29. Nxe5 Nxe5 30. Bxe5 1-0

[Event "Sportsko leto 2013"]
[Site "Paracin, hotel "]
[Date "2013.07.06"]
[Round "3.19"]
[White "Gleizerov, Evgeny"]
[Black "Cvetanovic, Uros"]
[Result "1-0"]
[WhiteElo "2553"]
[BlackElo "2249"]
[PlyCount "93"]
[EventDate "2013.07.05"]

1. d4 Nf6 2. c4 e6 3. g3 d5 4. Nf3 c6 5. Bg2 Be7 6. O-O O-O 7. Nc3 Nbd7 8. Qd3
b6 9. Rd1 Bb7 10. e4 dxc4 11. Qxc4 b5 12. Qb3 b4 13. e5 Nd5 14. Ne4 c5 15. Bg5
Bxg5 16. Nexg5 h6 17. Ne4 cxd4 18. Nd6 Rb8 19. Nxb7 Rxb7 20. Nxd4 N7b6 21. Nc6
Qc7 22. Nxb4 Qxe5 23. Nxd5 exd5 24. Rxd5 Qe6 25. Ra5 Rc7 26. Qxe6 fxe6 27. Bh3
e5 28. Be6+ Kh8 29. Bb3 Re8 30. Re1 e4 31. h4 Ree7 32. h5 Rcd7 33. Rf5 Rd8 34.
Rf7 Rxf7 35. Bxf7 Na4 36. Rxe4 Nxb2 37. Kf1 Nd1 38. Re7 a5 39. Bb3 Nc3 40. Re3
Nb5 41. Re5 Rb8 42. Bf7 Nd6 43. Bg6 Ra8 44. a4 Kg8 45. Ke2 Kf8 46. Kd3 Rd8 47.
Kc3 1-0

[Event "Sportsko leto 2013"]
[Site "Paracin, hotel "]
[Date "2013.07.06"]
[Round "3.20"]
[White "Arsovic, Zoran"]
[Black "Jovanovic, Aleksandar D"]
[Result "1-0"]
[WhiteElo "2417"]
[BlackElo "2229"]
[PlyCount "81"]
[EventDate "2013.07.05"]

1. Nf3 f5 2. g3 g6 3. Bg2 Bg7 4. d4 Nf6 5. O-O O-O 6. Nbd2 Nc6 7. c3 d6 8. b4
a6 9. Qb3+ e6 10. Re1 Kh8 11. e4 e5 12. d5 Ne7 13. c4 c6 14. dxc6 bxc6 15. c5
d5 16. exd5 e4 17. d6 Ned5 18. Nd4 Bd7 19. Nc4 Ng4 20. Bb2 Qg5 21. Rad1 Rae8
22. f3 Ngf6 23. f4 Qh6 24. Ne2 g5 25. fxg5 Qxg5 26. h4 Qh6 27. Ne5 Rb8 28. Rxd5
Nxd5 29. a3 Be6 30. Nxc6 Rb7 31. Ncd4 Bg8 32. c6 Nxb4 33. Nxf5 Bxb3 34. cxb7
Bxb2 35. Nxh6 Bxa3 36. Bxe4 Bd5 37. Nc3 Bxe4 38. Nxe4 Nd3 39. Rd1 Ne5 40. d7
Nc6 41. d8=Q 1-0

[Event "Sportsko leto 2013"]
[Site "Paracin, hotel "]
[Date "2013.07.06"]
[Round "3.21"]
[White "Livaja, Mario"]
[Black "Nestorovic, Lazar"]
[Result "0-1"]
[WhiteElo "2225"]
[BlackElo "2394"]
[PlyCount "92"]
[EventDate "2013.07.05"]

1. d4 Nf6 2. c4 e6 3. Nf3 b6 4. g3 Bb7 5. Bg2 Be7 6. Nc3 Ne4 7. Qc2 Nxc3 8.
Qxc3 d6 9. O-O Nd7 10. Rd1 O-O 11. Qc2 Nf6 12. b3 Be4 13. Qc3 Qc8 14. Bb2 Nd7
15. Bh3 Bf6 16. Nd2 Bb7 17. Qc2 g6 18. e4 c5 19. d5 Bxb2 20. Qxb2 e5 21. Nf1
Qd8 22. Ne3 Nf6 23. f3 Bc8 24. Qg2 Nh5 25. Rf1 Qg5 26. Rae1 Bxh3 27. Qxh3 f5
28. Ng2 Qd2 29. Rf2 Qd4 30. exf5 Rxf5 31. Ne3 Rf6 32. Qd7 Raf8 33. Nc2 Qc3 34.
Re3 Qa5 35. Kg2 Ng7 36. g4 h5 37. h3 h4 38. a3 R8f7 39. Qc6 Kh7 40. b4 cxb4 41.
axb4 Qa2 42. Na3 Qa1 43. Nb5 e4 44. Nxd6 exf3+ 45. Rexf3 Rxf3 46. Nxf7 Rg3+ 0-1

[Event "Sportsko leto 2013"]
[Site "Paracin, hotel "]
[Date "2013.07.06"]
[Round "3.22"]
[White "Nenezic, Marko"]
[Black "Popovic, Milan S"]
[Result "1-0"]
[WhiteElo "2391"]
[BlackElo "2212"]
[PlyCount "65"]
[EventDate "2013.07.05"]

1. d4 Nf6 2. c4 g6 3. Nc3 Bg7 4. e4 d6 5. Be2 O-O 6. Bg5 a6 7. h3 c5 8. Nf3
cxd4 9. Nxd4 Nc6 10. Be3 Nxd4 11. Bxd4 Bd7 12. O-O Rc8 13. Re1 Bc6 14. f3 Nh5
15. Bf1 Ng3 16. Bxg7 Kxg7 17. Kh2 Nh5 18. Qd4+ Kg8 19. b4 a5 20. a3 Nf4 21. Qd2
Ne6 22. f4 Nc7 23. Rad1 axb4 24. axb4 Ra8 25. b5 Bd7 26. c5 Ne8 27. e5 Rc8 28.
cxd6 exd6 29. exd6 Nf6 30. Qd4 Be6 31. Ra1 b6 32. Ra7 Ng4+ 33. Kg1 1-0

[Event "Sportsko leto 2013"]
[Site "Paracin, hotel "]
[Date "2013.07.06"]
[Round "3.23"]
[White "Cvetkovic, Srdjan"]
[Black "Hagesather, Ellen"]
[Result "1-0"]
[WhiteElo "2385"]
[BlackElo "2210"]
[PlyCount "119"]
[EventDate "2013.07.05"]

1. c4 e5 2. Nc3 c5 3. Nf3 Nc6 4. e3 f5 5. d4 e4 6. d5 exf3 7. dxc6 dxc6 8.
Qxd8+ Kxd8 9. gxf3 Nf6 10. b3 Bd6 11. Bb2 Rf8 12. f4 Kc7 13. Rg1 g6 14. Be2 Bd7
15. h4 Rae8 16. O-O-O Ng4 17. Bxg4 fxg4 18. Ne2 Bf5 19. Rd2 h5 20. Rgd1 Be7 21.
Be5+ Kc8 22. Bd6 Bxh4 23. Bxf8 Rxf8 24. Ng3 Bxg3 25. fxg3 Re8 26. Re1 Kc7 27.
e4 Rxe4 28. Rxe4 Bxe4 29. Re2 Bf5 30. Re7+ Kb6 31. Kd2 Ka6 32. a3 b5 33. cxb5+
cxb5 34. b4 c4 35. Kc3 Kb6 36. Kd4 a6 37. Re1 Kc6 38. a4 bxa4 39. Kxc4 Bd7 40.
Re5 Bf5 41. Rc5+ Kb6 42. Re5 Bd7 43. Kc3 Bf5 44. Kb2 h4 45. gxh4 g3 46. Re3 g2
47. Rg3 a5 48. bxa5+ Kxa5 49. Rxg2 Kb6 50. Ka3 Kc6 51. Kxa4 Kd6 52. Re2 Be6 53.
Kb4 Bg4 54. Re5 Bf3 55. Re3 Bh5 56. Kc3 Bg4 57. Kd4 Bd1 58. Re1 Bh5 59. Re5 Bd1
60. f5 1-0

[Event "Sportsko leto 2013"]
[Site "Paracin, hotel "]
[Date "2013.07.06"]
[Round "3.24"]
[White "Brankovic, Dejan"]
[Black "Kuzmanovic, Slobodan"]
[Result "1-0"]
[WhiteElo "2359"]
[BlackElo "2146"]
[PlyCount "145"]
[EventDate "2013.07.05"]

1. e4 e5 2. Nf3 Nc6 3. Bb5 a6 4. Ba4 d6 5. O-O Bd7 6. c3 Nf6 7. Re1 Be7 8. d4
O-O 9. Nbd2 exd4 10. cxd4 Nb4 11. Bxd7 Qxd7 12. Qb3 a5 13. a3 Na6 14. Nf1 Rfe8
15. Ng3 h6 16. h3 Bf8 17. Bf4 a4 18. Qd3 c5 19. Rad1 cxd4 20. Qxd4 Nc5 21. Bxd6
Bxd6 22. Qxd6 Qxd6 23. Rxd6 Nfxe4 24. Nxe4 Rxe4 25. Rxe4 Nxe4 26. Rb6 Nc5 27.
Rb5 Rc8 28. Ne5 f6 29. Nc4 Kf8 30. Nb6 Rc6 31. Nd5 Ke8 32. Nc3 Kd7 33. f3 h5
34. Rb4 Ke6 35. Nxa4 Nxa4 36. Rxa4 Rb6 37. b4 g5 38. Ra5 h4 39. Kf2 Rc6 40. Rb5
Rc2+ 41. Kg1 Ra2 42. Rxb7 Rxa3 43. b5 Ra1+ 44. Kh2 Rb1 45. Rb8 Kf5 46. b6 Kg6
47. g4 hxg3+ 48. Kxg3 Kf5 49. b7 Rb3 50. h4 g4 51. Rg8 Rxb7 52. fxg4+ Ke6 53.
h5 Kf7 54. Rc8 Kg7 55. Rc4 Rb5 56. Kf4 Ra5 57. Rc7+ Kg8 58. h6 Rb5 59. Rg7+ Kf8
60. Rg6 Kf7 61. Rg7+ Kf8 62. Kg3 Rg5 63. Rb7 Kg8 64. Kh4 Rg6 65. h7+ Kh8 66.
Kh5 Rg7 67. Rxg7 Kxg7 68. h8=Q+ Kxh8 69. Kg6 Kg8 70. Kxf6 Kf8 71. Kg6 Kg8 72.
g5 Kh8 73. Kf7 1-0

[Event "Sportsko leto 2013"]
[Site "Paracin, hotel "]
[Date "2013.07.06"]
[Round "3.25"]
[White "Jovanovic, Bojan P"]
[Black "Cabarkapa, Novak"]
[Result "1/2-1/2"]
[WhiteElo "2203"]
[BlackElo "2356"]
[PlyCount "40"]
[EventDate "2013.07.05"]

1. d4 Nf6 2. Nf3 g6 3. Bg5 Bg7 4. Nbd2 O-O 5. c3 d6 6. e4 c5 7. dxc5 dxc5 8.
Bc4 Nc6 9. Qe2 Qc7 10. O-O b6 11. Rad1 Bb7 12. h3 h6 13. Be3 Nd7 14. Rfe1 Na5
15. Bd5 Bxd5 16. exd5 Rfe8 17. Nc4 Nxc4 18. Qxc4 Rad8 19. Rd2 Ne5 20. Nxe5 Qxe5
1/2-1/2

[Event "Sportsko leto 2013"]
[Site "Paracin, hotel "]
[Date "2013.07.06"]
[Round "3.28"]
[White "Zarkovic, Mila"]
[Black "Sarenac, David"]
[Result "1/2-1/2"]
[WhiteElo "2070"]
[BlackElo "2311"]
[PlyCount "59"]
[EventDate "2013.07.05"]

1. e4 c5 2. Nf3 d6 3. d4 cxd4 4. Nxd4 Nf6 5. Nc3 a6 6. Bc4 e6 7. Bb3 Nbd7 8.
Bg5 Nc5 9. f4 Be7 10. Qf3 Qc7 11. f5 O-O 12. O-O b5 13. a3 Bd7 14. Qh3 Nxb3 15.
cxb3 e5 16. Nde2 Bc6 17. Bxf6 Bxf6 18. Rad1 b4 19. Nd5 Bxd5 20. Rxd5 Qc2 21.
Qd3 Qxb2 22. axb4 Rfc8 23. Rb1 Qa2 24. Kf1 Rc2 25. Re1 h6 26. Ra5 Qb2 27. Raa1
Rb8 28. Rab1 Qa2 29. Ra1 Qb2 30. Rab1 1/2-1/2

[Event "Sportsko leto 2013"]
[Site "Paracin, hotel "]
[Date "2013.07.06"]
[Round "3.30"]
[White "Rajkovic, Mladen"]
[Black "Zajic, Milan"]
[Result "1/2-1/2"]
[WhiteElo "2015"]
[BlackElo "2272"]
[PlyCount "50"]
[EventDate "2013.07.05"]

1. e4 e6 2. d4 d5 3. Nc3 Bb4 4. Nge2 Nc6 5. e5 Nge7 6. a3 Ba5 7. Ng3 Bb6 8. Be3
Ng6 9. Na4 f6 10. Nxb6 axb6 11. f4 O-O 12. Qd2 Qe7 13. Bd3 f5 14. O-O Bd7 15.
b4 Qf7 16. c4 dxc4 17. Bxc4 b5 18. Bb3 Nce7 19. Qa2 Rfc8 20. Rfc1 Nf8 21. Ne2
Nd5 22. Bxd5 exd5 23. Nc3 Bc6 24. Qe2 Qe8 25. Kh1 Ne6 1/2-1/2

[Event "Sportsko leto 2013"]
[Site "Paracin, hotel "]
[Date "2013.07.06"]
[Round "3.32"]
[White "Spiric, Igor"]
[Black "Radovanovic, Mihajlo"]
[Result "1-0"]
[WhiteElo "2255"]
[BlackElo "1878"]
[PlyCount "83"]
[EventDate "2013.07.05"]

1. d4 d5 2. c4 e6 3. Nc3 c5 4. cxd5 exd5 5. Nf3 Nc6 6. g3 Nf6 7. Bg2 Be7 8. O-O
O-O 9. Bg5 c4 10. e3 Be6 11. Nd2 Qa5 12. Rc1 Rac8 13. Bxf6 Bxf6 14. b3 Nb4 15.
bxc4 dxc4 16. Bxb7 Rc7 17. Be4 Nxa2 18. Bxh7+ Kxh7 19. Qc2+ g6 20. Qxa2 Qh5 21.
Nde4 Be7 22. Qe2 Qxe2 23. Nxe2 Ba3 24. Ng5+ Kg7 25. Nxe6+ fxe6 26. Rc2 Rb8 27.
Nf4 Kf7 28. d5 exd5 29. Nxd5 Rc5 30. Ra1 Rb3 31. e4 a5 32. Kf1 Ke6 33. Ke2 Ke5
34. Ne3 c3 35. Kd3 Bb2 36. Rxa5 Rxa5 37. Nc4+ Ke6 38. Nxa5 Rb8 39. Nc6 Rb6 40.
Nd4+ Kd6 41. Ne2 Ke5 42. f4+ 1-0

[Event "Sportsko leto 2013"]
[Site "Paracin, hotel "]
[Date "2013.07.06"]
[Round "3.33"]
[White "Lazov, Toni"]
[Black "Ratkovic, Miloje"]
[Result "0-1"]
[WhiteElo "1921"]
[BlackElo "2258"]
[PlyCount "72"]
[EventDate "2013.07.05"]

1. e4 c6 2. d4 d5 3. e5 Bf5 4. h4 h5 5. c4 e6 6. Nc3 dxc4 7. Bxc4 Nd7 8. Nge2
Nb6 9. Bd3 Bxd3 10. Qxd3 Qd7 11. Bg5 Ne7 12. O-O Nf5 13. Ne4 Nd5 14. Rfd1 Be7
15. Bxe7 Ndxe7 16. g3 Rd8 17. Rac1 Qd5 18. b3 Qa5 19. Qc4 Nd5 20. Nc5 Qc7 21.
b4 O-O 22. b5 Rc8 23. Qb3 b6 24. Ne4 Qb7 25. bxc6 Rxc6 26. Rxc6 Qxc6 27. Rc1
Qa8 28. Qf3 Nde7 29. Rc7 Qd5 30. Rxa7 Nc6 31. Ra3 Ncxd4 32. Nxd4 Nxd4 33. Qd3
Qxe5 34. f4 Qd5 35. Kh2 Rc8 36. Rc3 Rxc3 0-1

[Event "Sportsko leto 2013"]
[Site "Paracin, hotel "]
[Date "2013.07.06"]
[Round "3.34"]
[White "Todorovic, Radisa J"]
[Black "Maksimovic, Branimir"]
[Result "0-1"]
[WhiteElo "1960"]
[BlackElo "2423"]
[PlyCount "110"]
[EventDate "2013.07.05"]

1. d4 e6 2. Nf3 c5 3. e3 Nf6 4. Bd3 b6 5. O-O Bb7 6. b3 Nc6 7. a3 d5 8. Bb2 Bd6
9. Nbd2 O-O 10. Re1 Qc7 11. Nf1 e5 12. dxe5 Nxe5 13. Nxe5 Bxe5 14. Bxe5 Qxe5
15. Ng3 Rad8 16. Qf3 Rfe8 17. Rad1 g6 18. Ne2 Kg7 19. Nf4 Ne4 20. Bxe4 dxe4 21.
Qe2 Qc3 22. g3 h5 23. h3 Bc6 24. a4 a5 25. Rxd8 Rxd8 26. Rd1 Qf6 27. Kh2 Kh6
28. Kg1 h4 29. g4 g5 30. Ng2 Rd6 31. Ne1 Kg7 32. c4 Bd7 33. Kg2 Qe5 34. Rxd6
Qxd6 35. Qb2+ Kg8 36. Qe2 Be6 37. Qb2 Bc8 38. Qe2 Kg7 39. Qb2+ f6 40. Qe2 f5
41. gxf5 Bxf5 42. Qh5 Qg6 43. Qd1 g4 44. Qd8 gxh3+ 45. Kh1 Qf6 46. Qc7+ Kg6 47.
Kg1 Bg4 48. Qb8 Be2 49. Qg8+ Kh6 50. Qa8 h2+ 51. Kh1 Qxf2 52. Qh8+ Kg6 53. Qg8+
Kh5 54. Qe8+ Kg4 55. Qe6+ Kg3 0-1